• 首页
  • 本馆介绍
  • 公告通知
  • 最新文献
  • 馆藏检索
  • 电子资源
  • 读者导购
  • 参考咨询
  • 我的图书馆
  • 登录
  • 详细信息显示
  • 放入我的书架
  • 预约/预借图书
  • 作者相关作品
  • 分类相关作品
  • 丛书相关作品
  • 出版社相关作品

书目信息

  • 表格格式
  • 工作单格式
  • 卡片格式
题名:
超越自我的教师
    
 
作者: 李卫东 , 李秀伟 主编
分册:  
出版信息: 南京   江苏教育出版社  2022.09
页数: 290页
开本: 24cm
丛书名: 区域性“双名”教师培育探索丛书
单 册:
中图分类: G63
科图分类:
主题词: 中小学教育--案例--济南 , 中小学教育
电子资源:
ISBN: 978-7-5499-3392-1
000 01088nam0 2200289 450
001 012001001625
005 20141202161652.0
010    @a978-7-5499-3392-1@dCNY58.00
100    @a20220905d2013 em y0chiy50 ea
101 0  @achi
102    @aCN@b320000
105    @aa z 000yd
106    @ar
200 1  @a超越自我的教师@Achao yue zi wo de jiao shi@e32位名师的成长感悟@f李卫东,李秀伟主编
210    @a南京@c江苏教育出版社@d2022.09
215    @a290页@c图@d24cm
225 1  @a区域性“双名”教师培育探索丛书@f张怡主编
300    @a行知工程名师感悟系列
330    @a本书以济南市槐荫区32位名师的成长经历为基础,全面呈现一个区域内成长起来的名师的教育思想、教育主张、教育实践,以教师成果作为全书的主体内容,以教师的亲身经历、亲身感悟的教育故事、教育案例为主要形式。
517 1  @a32位名师的成长感悟@A32 wei ming shi de cheng zhang gan wu
606 0  @a中小学教育@x案例@y济南
606 0  @a中小学教育
690    @aG63@v5
701  0 @a李卫东@Ali wei dong@4主编
701  0 @a李秀伟@Ali xiu wei@f(1973 )@4主编
801  0 @aCN@bAHXH@c20221111
905    @b1363558-62@dG63@e1393@f5
    
    超越自我的教师:32位名师的成长感悟/李卫东,李秀伟主编.-南京:江苏教育出版社,2022.09
    290页:图;24cm.-(区域性“双名”教师培育探索丛书/张怡主编)
    行知工程名师感悟系列
    
    ISBN 978-7-5499-3392-1:CNY58.00
    本书以济南市槐荫区32位名师的成长经历为基础,全面呈现一个区域内成长起来的名师的教育思想、教育主张、教育实践,以教师成果作为全书的主体内容,以教师的亲身经历、亲身感悟的教育故事、教育案例为主要形式。
●
相关链接 在E读中查询图书 在五车中查询图书 在当当中查询图书 在豆瓣中查询图书


正题名:超越自我的教师     索取号:G63/1393         预约/预借

序号 登录号 条形码 馆藏地/架位号 状态 备注
1 1363558   213635583   第一样本阅览室/ [索取号:G63/1393] 在馆    
2 1363559   213635592   教育系资料室/ [索取号:G63/1393] 在馆    
3 1363560   213635609   教育系资料室/ [索取号:G63/1393] 在馆    
4 1363561   213635618   第四借阅区/ [索取号:G63/1393] 在馆    
5 1363562   213635627   第四借阅区/ [索取号:G63/1393] 在馆    
唐山师范学院图书馆 欢迎您!
大连网信软件有限公司© 版权所有